00651nam a22002177a 4500001001000000003000500010005001700015008004100032010001000073011001000083035001000093040000900103100002200112245006300134260005100197300001000248490005100258650003600309650003700345830005100382000074665CHAP20220329141651.0971013s1967 r 00010 d a71900 a72872 a82428 cCHAP00aDavis, Russell G.10aScientific, engineering and technical education in Mexico. aNew York :bEducaion and World Affairs,c1967. a39 p. aEducation and World Affairs. Occasional report14aCienciaxEstudio y enseñanza.14aEducación técnicaxMéxico.0 aEducation and World Affairs. Occasional report